Statistics for Avengers- Superhero Name to Real Name

Click here to take the quiz!

General Stats

  • This quiz has been taken 26 times
  • The average score is 13 of 21

Answer Stats

Avenger NameReal Name% Correct
HulkBruce Banner
100%
Spider ManPeter Parker
100%
Captain AmericaSteve Rogers
95%
Iron ManTony Stark
95%
Black WidowNatasha Romanoff
86%
Star LordPeter Quill
82%
Ant ManScott Lang
82%
HawkeyeClint Barton
77%
War MachineJames Rhodes
77%
FalconSam Wilson
77%
Dr. StrangeSteven Strange
77%
Black PantherT'Challa
77%
Scarlet WitchWanda Maximoff
77%
ThorThor Odinson
68%
Captain MarvelCarol Danvers
64%
Visionnone
14%
Mantisnone
14%
Gamoranone
14%
Draxnone
14%
Rocketnone
14%
Grootnone
14%

Score Distribution

Percentile by Number Answered

Percent of People with Each Score

Your Score History

You have not taken this quiz